[Event "12th Corsica Masters KO"]
[Site "Ajaccio FRA"]
[Date "2008.10.28"]
[Round "3.2"]
[White "Tiviakov,S"]
[Black "Bacrot,E"]
[Result "1/2-1/2"]
[WhiteElo "2686"]
[BlackElo "2705"]

1.e4 e5 2.Bc4 Nc6 3.Nf3 Nf6 4.d3 Be7 5.O-O O-O 6.Bb3 d6 7.c3 Bg4 8.h3 Bh5
9.Be3 Nd7 10.Nbd2 Nc5 11.Bxc5 Bxf3 12.Nxf3 dxc5 13.Bd5 Qd6 14.Bxc6 bxc6 15.Qc2 Rfd8
16.Rfd1 Bf6 17.Nd2 Qxd3 18.Qxd3 Rxd3 19.Nc4 Rad8 20.Rxd3 Rxd3 21.Kf1 Kf8
22.Ke2 Rd8 23.Rd1 Rb8 24.Rd7 Rc8 25.Na5 Ke8 26.Rd2 Bg5 27.Rd1 Rb8 28.b3 Bf6
29.Kd3 Rb6 30.Nc4 Rb8 31.Kc2 Ke7 32.Nb2 Ke6 33.Kd3 Be7 34.Kc4 g6 35.Nd3 Rb5
36.Rb1 f5 37.Re1 f4 38.f3 Bd6 39.Rb1 Kf6 40.a4 Rb8 41.Nxc5 Kg5 42.b4 Kh4
43.a5 Kg3 44.Rb2 g5 45.Nd3 h5 46.Rd2 g4 47.fxg4 hxg4 48.hxg4 Kxg4 49.Ne1 Kg3
50.Nf3 Rh8 51.Kd3 Rb8 52.Rb2 a6 53.Re2 Rb5 54.Nd2 c5 55.bxc5 Bxc5 56.Nc4 Bf2
57.Kc2 Kxg2 58.Rd2 Kf3 59.Rd7 Kxe4 60.Rxc7 Kf3 61.Rc6 e4 62.Nd2+ Ke3 63.Re6 Bg3
64.Nxe4 Kf3 65.Nd2+ Kg2 66.Rxa6 f3 67.Nxf3 Kxf3 68.Rf6+ Ke4 69.a6 Ra5 70.Kb3 Be5
71.Rb6 Ra1 72.Kc4 Bh2 73.Re6+ Kf5 74.Rc6 Bg1 75.Kb5 Rb1+ 76.Kc4 Ke5 77.Rg6 Ra1
78.Kb5 Rb1+ 79.Kc4 Ra1 80.Kb5 Rb1+ 81.Kc4  1/2-1/2

[Event "12th Corsica Masters KO"]
[Site "Ajaccio FRA"]
[Date "2008.10.28"]
[Round "3.3"]
[White "Tiviakov,S"]
[Black "Bacrot,E"]
[Result "1-0"]
[WhiteElo "2686"]
[BlackElo "2705"]

1.e4 e5 2.Bc4 Nc6 3.Nf3 Nf6 4.d3 Be7 5.O-O d6 6.c3 Bg4 7.h3 Bh5 8.Bb3 Qd7
9.Be3 g5 10.Bxg5 Rg8 11.Bxf6 Bxf6 12.Kh2 O-O-O 13.Nbd2 Bg5 14.Nc4 f5 15.Ne3 fxe4
16.dxe4 Rgf8 17.Nxg5 Bxd1 18.Be6 Be2 19.Rfe1 Bd3 20.Bxd7+ Kxd7 21.Rad1 Ba6
22.Nf5 Ne7 23.Nxh7 Rh8 24.Nf6+ Ke6 25.Nxe7 Kxe7 26.Nd5+ Kd7 27.b3 Rdf8 28.f3 b5
29.Ne3 Bb7 30.Nf5 Ke6 31.g4 a5 32.Kg3 Ra8 33.h4 a4 34.b4 a3 35.h5 Raf8 36.Rd2 Bc8
37.Nh4 Rh7 38.Rf2 Rg8 39.Kh2 Kf6 40.Nf5 Be6 41.Ne3 Kg5 42.Rg1 Rf8 43.Kg3 Rhf7
44.Rgf1 c6 45.Nf5 d5 46.Re2 Rd8 47.exd5 Rxd5 48.Nh4 Kf6 49.Rfe1 Rd3 50.Re3 Bc4
51.Rxd3 Bxd3 52.Ng2 Bc4 53.Ne3 Bxa2 54.Ra1 Be6 55.Rxa3 Rd7 56.Kf2 Rd2+ 57.Ke1 Rh2
58.Ra6 Bd7 59.Ra7 Be6 60.Rc7 Bd5 61.Nxd5+ cxd5 62.Rc6+ Kg5 63.Rg6+ Kf4 64.h6 Ke3
65.Kd1 Kd3 66.Ke1 Ke3 67.Kd1 Kd3 68.Kc1 Kxc3 69.Rc6+ Kd3 70.g5 e4 71.fxe4 dxe4
72.Rd6+ Kc3 73.Rd7 Rh1+ 74.Rd1 Rh5 75.Rg1 e3 76.g6 e2 77.g7 Rg5 78.Re1 Rxg7
79.h7 Rc7 80.Kb1 Kd2 81.h8=Q Rc4 82.Rxe2+ Kxe2  1-0

[Event "12th Corsica Masters KO"]
[Site "Ajaccio FRA"]
[Date "2008.10.28"]
[Round "3.4"]
[White "Bacrot,E"]
[Black "Tiviakov,S"]
[Result "0-1"]
[WhiteElo "2705"]
[BlackElo "2686"]

1.Nf3 Nf6 2.g3 b6 3.Bg2 Bb7 4.d3 d5 5.O-O c5 6.c4 e6 7.Bg5 Be7 8.Nc3 O-O
9.cxd5 Nxd5 10.h4 h6 11.Bd2 Nc6 12.a3 Bf6 13.Rc1 Rc8 14.Nxd5 exd5 15.b4 cxb4
16.axb4 a6 17.Bh3 Rc7 18.Bf4 Re7 19.Qd2 Rfe8 20.Rfe1 d4 21.Bg2 Qd7 22.e4 dxe3
23.fxe3 Ne5 24.Nxe5 Bxe5 25.Bxe5 Rxe5 26.Bxb7 Qxb7 27.e4 a5 28.bxa5 bxa5
29.Qf2 a4 30.Rc4 Qd7 31.Rd4 Qb5 32.Ra1 Ra8 33.Kg2 Re7 34.Rd5 Qb3 35.Qc5 Rea7
36.Qa3 Qc2+ 37.Kh3 Rb7 38.Qc5 Qxc5 39.Rxc5 a3 40.Rc3 a2 41.Rc2 Rb3 42.Rd2 Raa3
43.d4 Rxg3+ 44.Kh2 Rh3+ 45.Kg2 Rhd3 46.Rxd3 Rxd3 47.d5 f5 48.Rxa2 fxe4 49.Ra5 Kf7
50.Kf2 Kf6 51.Ra6+ Kf5 52.Ra5 Kf4 53.Ke2 g5 54.h5 g4 55.Ra6 Kg5 56.Ra5 Kxh5
57.Kf2 Kh4 58.Kg2 h5 59.Kf2 g3+ 60.Kg2 Rd2+ 61.Kf1 e3 62.Ra4+ Kh3 63.Ra1 Kh2
64.Ra4 g2+  0-1

[Event "12th Corsica Masters KO"]
[Site "Ajaccio FRA"]
[Date "2008.10.28"]
[Round "3.1"]
[White "Bacrot,E"]
[Black "Tiviakov,S"]
[Result "1/2-1/2"]
[WhiteElo "2705"]
[BlackElo "2686"]

1.Nf3 Nf6 2.c4 b6 3.Nc3 Bb7 4.d4 e6 5.Bg5 h6 6.Bh4 Be7 7.e3 c5 8.Be2 Ne4
9.Nxe4 Bxe4 10.Bg3 O-O 11.O-O d6 12.d5 e5 13.Nd2 Bh7 14.e4 Nd7 15.Bd3 Bg5
16.Nb1 Bf4 17.Nc3 Qf6 18.Bc2 Qe7 19.a3 Bg6 20.Qf3 Bd2 21.Nb1 Bg5 22.Nc3 Bd2
23.Nb1 Bg5 24.Nc3  1/2-1/2

[Event "Aeroflot Open"]
[Site "Moscow RUS"]
[Date "2009.02.25"]
[Round "9"]
[White "Pashikian,A"]
[Black "Bacrot,E"]
[Result "0-1"]
[WhiteElo "2621"]
[BlackElo "2722"]

1.d4 d5 2.c4 e6 3.Nc3 c6 4.e4 Bb4 5.exd5 exd5 6.cxd5 cxd5 7.Bb5+ Bd7 8.Bd3 Ne7
9.Qf3 Qc8 10.Ne2 Bf5 11.O-O Bxd3 12.Qxd3 O-O 13.Qb5 Bxc3 14.bxc3 Rd8 15.Ba3 Nbc6
16.Bxe7 Nxe7 17.a4 a6 18.Qb4 Ng6 19.Rab1 Rb8 20.a5 h5 21.Qa4 h4 22.h3 Re8
23.Rb2 Re4 24.c4 dxc4 25.Rc1 Qf5 26.Qc2 Nf4 27.Nc3 Nd3 28.Nxe4 Nxc1 29.Qxc4 Qxe4
30.Qxc1 Rd8 31.Rb4 Rd6 32.Qe3 Qd5 33.Qf4 Re6 34.Kh2 Rg6 35.Qb8+ Kh7 36.Qxb7 Rxg2+
37.Kh1 Qxb7 38.Rxb7 Rxf2 39.Ra7 Rf6 40.Kg2 Kg6 41.Rb7 Rf4 42.d5 Rf5 43.Rb6+ f6
44.Rd6 Kh6 45.Rd8 Kh7 46.Rd7 Rg5+ 47.Kf2 Rg3 48.Rd6 Rd3 49.Ke2 Rxh3 50.Rxa6 Rg3
51.Rb6 h3 52.Kf2 h2 53.Rb1 Ra3 54.Rd1 Rxa5 55.Kg2 Ra2+ 56.Kh1 Kg6 57.d6 Ra8
58.Kxh2 Rd8 59.Kg3 Kf5 60.Kf3 Rd7 61.Rg1 Ke6 62.Ke4 g5  0-1

[Event "4th FIDE GP"]
[Site "Nalchik RUS"]
[Date "2009.04.18"]
[Round "4"]
[White "Gelfand,B"]
[Black "Bacrot,E"]
[Result "1/2-1/2"]
[WhiteElo "2733"]
[BlackElo "2728"]

1.d4 Nf6 2.c4 e6 3.Nf3 b6 4.g3 Ba6 5.Qa4 Bb7 6.Bg2 c5 7.dxc5 bxc5 8.O-O Be7
9.Nc3 O-O 10.Bf4 Qb6 11.Rfd1 Rd8 12.Rd2 d6 13.Rad1 a6 14.g4 Nxg4 15.Bxd6 Rxd6
16.Qe8+ Bf8 17.Ng5 Ne5 18.Bxb7 Rxd2 19.Rxd2 Qxb7 20.Rd8 Ng6 21.Na4 Qe7 22.Qxe7 Nxe7
23.Nxh7 Kxh7 24.Rxf8 Nec6 25.Rxf7 Kg8 26.Rc7 Ra7 27.Rxa7 Nxa7 28.Nxc5 Kf7
29.b4 Ke7 30.a4 Kd6 31.Kg2 Nac6 32.Nd3 Nd7 33.b5 axb5 34.cxb5 Na5 35.Kf3 Nb6
36.Nb2 Ke5 37.Ke3 Nb3 38.h4 Kf5 39.Kd3 Nc5+ 40.Kc3 Ncxa4+ 41.Nxa4 Nxa4+ 42.Kb4 Nb6
43.Kc5 Na4+ 44.Kb4 Nb6 45.Kc5 Na4+ 46.Kc6 Kg4 47.Kd6 Kxh4 48.Kxe6 Nc3 49.b6 Na4
50.b7 Nc5+ 51.Kf7 Nxb7  1/2-1/2

[Event "4th FIDE GP"]
[Site "Nalchik RUS"]
[Date "2009.04.22"]
[Round "7"]
[White "Bacrot,E"]
[Black "Aronian,L"]
[Result "1/2-1/2"]
[WhiteElo "2728"]
[BlackElo "2754"]

1.e4 e5 2.Nf3 Nc6 3.Bb5 a6 4.Ba4 Nf6 5.O-O Be7 6.Re1 b5 7.Bb3 O-O 8.c3 d5
9.exd5 Nxd5 10.Nxe5 Nxe5 11.Rxe5 c6 12.d4 Bd6 13.Re1 Qh4 14.g3 Qh3 15.Be3 Bg4
16.Qd3 Rae8 17.Nd2 Qh5 18.Qf1 Re7 19.a4 Rfe8 20.axb5 axb5 21.Bxd5 Qxd5 22.Qg2 Qxg2+
23.Kxg2 h5 24.Ra5 h4 25.Rea1 hxg3 26.hxg3 Be6 27.Ra8 Bd5+ 28.Kf1 Bxg3 29.Bg5 f6
30.Bxf6 Re1+ 31.Rxe1 Rxa8 32.fxg3 gxf6 33.Ne4 Kf7 34.Nd6+ Kg6 35.Re8 Ra1+
36.Re1 Ra8 37.Re8 Ra1+ 38.Re1  1/2-1/2

[Event "4th FIDE GP"]
[Site "Nalchik RUS"]
[Date "2009.04.23"]
[Round "8"]
[White "Leko,P"]
[Black "Bacrot,E"]
[Result "1/2-1/2"]
[WhiteElo "2751"]
[BlackElo "2728"]

1.d4 Nf6 2.c4 e6 3.Nf3 b6 4.g3 Ba6 5.Qa4 Bb7 6.Bg2 c5 7.dxc5 bxc5 8.O-O Be7
9.Nc3 O-O 10.Rd1 Qb6 11.Bf4 Rd8 12.Rd2 d6 13.Rad1 a6 14.Ng5 Bxg2 15.Kxg2 e5
16.Be3 Qb7+ 17.Kg1 h6 18.Nf3 Nc6 19.Nd5 Nxd5 20.Rxd5 Nb4 21.R5d2 Nc6 22.Rd5 Nb4
23.R5d2 Nc6  1/2-1/2

[Event "4th FIDE GP"]
[Site "Nalchik RUS"]
[Date "2009.04.29"]
[Round "13"]
[White "Bacrot,E"]
[Black "Alekseev,Evgeny"]
[Result "1-0"]
[WhiteElo "2728"]
[BlackElo "2716"]

1.e4 e5 2.Nf3 Nf6 3.d4 Nxe4 4.dxe5 d5 5.Nbd2 Nxd2 6.Qxd2 c5 7.c4 Be6 8.Ng5 Nc6
9.Nxe6 fxe6 10.cxd5 Qxd5 11.Qxd5 exd5 12.Bb5 Kf7 13.f4 Nd4 14.Ba4 b5 15.Bd1 c4
16.Be3 Bc5 17.Bxd4 Bxd4 18.Bf3 Rad8 19.Rd1 Bxb2 20.Bxd5+ Ke7 21.Ke2 Rc8 22.Be4 c3
23.Bc2 Rc4 24.f5 Rb8 25.Rd5 a5 26.Rhd1 Rb7 27.Rd8 Ba3 28.Rh8 Rc5 29.f6+ Ke6
30.Re8+ Kf7 31.Rdd8 Rc4 32.Rh8 Rh4 33.fxg7 Kxg7 34.Rdg8+ Kh6 35.Rg6+ Kh5
36.Rg3 Kh6 37.Rg6+ Kh5 38.Rg3 Kh6 39.Rxc3 Bb4 40.Rc6+ Kg7 41.Rcc8 a4 42.Rcg8+ Kh6
43.Rg6+ Kh5 44.Rg3 Kh6 45.Rg6+ Kh5 46.Bf5 Rc4 47.Rg3 Kh6 48.Rg6+ Kh5 49.Rgg8 Rcc7
50.Bg6+ Kh6 51.Be4 Rb6 52.g4 Bc3 53.g5+ Kh5 54.g6 Bxe5 55.Rxh7+ Rxh7 56.gxh7 Rh6
57.Kf3 b4 58.Kg2 Kh4 59.Bf3 Bc3 60.Rg4+ Kh5 61.Kh3 Rxh7 62.Rh4+ Kg6 63.Be4+  1-0

[Event "Sparkassen GM"]
[Site "Dortmund GER"]
[Date "2009.07.11"]
[Round "9"]
[White "Bacrot,E"]
[Black "Leko,P"]
[Result "1/2-1/2"]
[WhiteElo "2721"]
[BlackElo "2756"]

1.c4 c5 2.Nf3 Nc6 3.d4 cxd4 4.Nxd4 Nf6 5.g3 Qb6 6.Nc2 e6 7.Bg2 Be7 8.O-O O-O
9.Nc3 d6 10.e4 a6 11.Kh1 Rb8 12.Bd2 Bd7 13.g4 h6 14.f4 Nh7 15.Rc1 Rfc8 16.b3 Qd8
17.Ne2 b5  1/2-1/2

[Event "XXIV Rapid"]
[Site "Villarrobledo ESP"]
[Date "2009.07.25"]
[Round "1"]
[White "Bacrot,E"]
[Black "Mataix Arbona,C"]
[Result "1-0"]
[WhiteElo "2721"]
[BlackElo "2042"]

1.d4 Nf6 2.c4 c5 3.d5 e5 4.Nc3 d6 5.g3 Be7 6.Bg2 O-O 7.e4 a6 8.a4 Ne8 9.Nge2 Bg5
10.f4 exf4 11.gxf4 Bf6 12.O-O Qe7 13.Qd3 Nd7 14.Kh1 g6 15.Bd2 Ng7 16.Rae1 Nh5
17.Bf3 Ng7 18.Ng3 Re8 19.b3 Nf8 20.Bg2 Bd7 21.e5 dxe5 22.Nce4 Bf5 23.Nxf5 gxf5
24.Nxf6+ Qxf6 25.fxe5 Rxe5 26.Bc3 Ng6 27.d6 Rd8 28.Rxe5 Nxe5 29.Qd5 Rxd6
30.Qxe5 Qxe5 31.Bxe5 Rb6 32.Rg1 Ne6 33.Bc6+  1-0

[Event "16th ORDIX Open"]
[Site "Mainz GER"]
[Date "2009.08.01"]
[Round "2"]
[White "Nagel,B"]
[Black "Bacrot,E"]
[Result "0-1"]
[WhiteElo "2263"]
[BlackElo "2721"]

1.d4 Nf6 2.Nf3 e6 3.c4 c5 4.d5 exd5 5.cxd5 d6 6.Nc3 g6 7.e4 Bg7 8.Bd3 O-O
9.O-O Bg4 10.h3 Bxf3 11.Qxf3 Nbd7 12.Bf4 Ne8 13.Qe2 a6 14.a4 Rb8 15.Rab1 Qe7
16.Nd1 Nc7 17.a5 Rfe8 18.Qc2 Nb5 19.Bxb5 axb5 20.b4 Rbc8 21.bxc5 Rxc5 22.Qb3 Qxe4
23.Bxd6 Rxd5 24.Bg3 Rc5 25.Ne3 Be5 26.Bxe5 Qxe5 27.Ng4 Qf4 28.Rbd1 Re7 29.Qg3 Qxg3
30.fxg3 Kg7 31.Rd6 h5 32.Nh2 b4 33.a6 bxa6 34.Rxa6 Rb5 35.Nf3 Nc5 36.Rc6 Ne6
37.Rb1 b3 38.Rb2 Rd7 39.Rc3 Nc5 40.Kh2 Rd3 41.Rc1 Na4 42.Rbb1 b2 43.Rc2 Rc3  0-1

[Event "16th ORDIX Open"]
[Site "Mainz GER"]
[Date "2009.08.01"]
[Round "3"]
[White "Bacrot,E"]
[Black "Breutigam,M"]
[Result "1-0"]
[WhiteElo "2721"]
[BlackElo "2391"]

1.d4 d5 2.Nf3 Nf6 3.c4 e6 4.Nc3 c6 5.Bg5 Nbd7 6.e3 Qa5 7.cxd5 Nxd5 8.Qd2 Bb4
9.Rc1 h6 10.Bh4 c5 11.a3 Bxc3 12.bxc3 b6 13.c4 Qxd2+ 14.Nxd2 Ne7 15.f3 Nf5
16.Bf2 Ba6 17.Bd3 Ke7 18.O-O Nd6 19.Rfe1 Rac8 20.g4 h5 21.h3 hxg4 22.hxg4 e5
23.Bg3 f6 24.a4 Nb7 25.Bf5 Rcd8 26.Rc2 Rhe8 27.Ne4 Nf8 28.dxe5 g6 29.Nxf6 gxf5
30.gxf5 Na5 31.Bh4 Kf7 32.e6+ Rxe6 33.fxe6+ Nxe6 34.Ng4 Rh8 35.Bg3 Nxc4 36.Rxc4  1-0

[Event "16th ORDIX Open"]
[Site "Mainz GER"]
[Date "2009.08.02"]
[Round "9"]
[White "Bacrot,E"]
[Black "Guliyev,N"]
[Result "1-0"]
[WhiteElo "2721"]
[BlackElo "2555"]

1.d4 d5 2.Nf3 Nf6 3.c4 dxc4 4.e3 e6 5.Bxc4 a6 6.O-O c5 7.Bb3 Nc6 8.Nc3 Be7
9.dxc5 Qxd1 10.Rxd1 Bxc5 11.Bd2 Bd7 12.Rac1 Ba7 13.Be1 Ke7 14.Na4 Rhd8 15.Nc5 Bxc5
16.Rxc5 Be8 17.Rcc1 Rxd1 18.Rxd1 Rd8 19.Bc3 Rxd1+ 20.Bxd1 g6 21.Kf1 Nd5 22.Bd2 e5
23.Bb3 Nc7 24.Ng5 f6 25.Ne4 b6 26.Ba4 Nd5 27.a3 Nb8 28.Bc2 Bc6 29.g4 Nd7
30.h4 Nc5 31.Nxc5 bxc5 32.f3 Nb6 33.Kf2 Nc4 34.Bc3 Nd6 35.g5 fxg5 36.hxg5 Nf7
37.e4 Kd6 38.Bd2 Nd8 39.Bb3 Ne6 40.Ba2 Bb5 41.Be3 Bd3 42.Bd5 Bb5 43.Kg3 Bc6
44.Ba2 Bb5 45.f4 Bc6 46.f5 Nd4 47.Bb1 gxf5 48.exf5 e4 49.Kf4 Ne2+ 50.Kg4 Ke5
51.f6 Bd5 52.Bxc5 Nd4 53.Bxd4+ Kxd4 54.Kf4 e3 55.Kg3 Bg8 56.Bxh7 Bd5 57.Bc2 Ke5
58.b4 Kd4 59.g6 Kc3 60.Bd1 Kd2 61.Bh5 Bc4 62.f7  1-0

[Event "5th FIDE GP"]
[Site "Jermuk ARM"]
[Date "2009.08.18"]
[Round "9"]
[White "Bacrot,E"]
[Black "Aronian,L"]
[Result "1/2-1/2"]
[WhiteElo "2721"]
[BlackElo "2768"]

1.d4 d5 2.c4 c6 3.Nf3 Nf6 4.Nc3 e6 5.Bg5 h6 6.Bxf6 Qxf6 7.e3 Nd7 8.Bd3 dxc4
9.Bxc4 g6 10.O-O Bg7 11.e4 e5 12.d5 Nb6 13.Bb3 O-O 14.Rc1 Rd8 15.Qe2 Bg4
16.dxc6 bxc6 17.Nd1 a5 18.Ne3 h5 19.h3 Bxf3 20.Qxf3 Qxf3 21.gxf3 a4 22.Bd1 Rd2
23.Rxc6 Rxb2 24.Bc2 Nd7 25.Bd3 Rxa2 26.Bc4 Rb2 27.Rc7 Nf8 28.Rxf7 Kh8 29.Bd5 Ra6
30.Ra1 Nh7 31.Bc4 Ra8 32.Bd5 Ra6 33.Bc4 Ra8 34.Bd5 Ra6  1/2-1/2

[Event "5th FIDE GP"]
[Site "Jermuk ARM"]
[Date "2009.08.20"]
[Round "10"]
[White "Inarkiev,E"]
[Black "Bacrot,E"]
[Result "1-0"]
[WhiteElo "2675"]
[BlackElo "2721"]

1.e4 c5 2.Nf3 d6 3.d4 cxd4 4.Nxd4 Nf6 5.Nc3 a6 6.Be3 Ng4 7.Bc1 Nf6 8.Be2 e5
9.Nb3 Be7 10.Bg5 Nbd7 11.O-O O-O 12.a4 h6 13.Bh4 b6 14.Bc4 Bb7 15.Bxf6 Nxf6
16.Qe2 Qc7 17.Rfd1 Rfc8 18.Nd2 Qb8 19.Nf1 b5 20.axb5 axb5 21.Bxb5 Rxc3 22.bxc3 Nxe4
23.Qe1 Ng5 24.Be2 Qc8 25.Rxa8 Bxa8 26.Ne3 Bf8 27.c4 Be4 28.Rb1 g6 29.Qa5 h5
30.Bd3 Bxg2 31.Nxg2 Nf3+ 32.Kf1 Bh6 33.Ne3 Bxe3 34.fxe3 Qg4 35.Kf2 Ng5 36.Qa8+ Kg7
37.Qg2 Nh3+ 38.Kf1 Qh4 39.Qg3 Qf6+ 40.Kg2 e4  1-0

[Event "5th FIDE GP"]
[Site "Jermuk ARM"]
[Date "2009.08.22"]
[Round "12"]
[White "Alekseev,Evgeny"]
[Black "Bacrot,E"]
[Result "1/2-1/2"]
[WhiteElo "2714"]
[BlackElo "2721"]

1.e4 e5 2.Nf3 Nc6 3.Bb5 a6 4.Ba4 Nf6 5.O-O Be7 6.Re1 b5 7.Bb3 O-O 8.h3 Bb7
9.d3 d6 10.a3 Nb8 11.Nbd2 Nbd7 12.Nf1 Re8 13.Ng3 Nc5 14.Ba2 Bf8 15.Be3 d5
16.exd5 Bxd5 17.Bxd5 Qxd5 18.d4 Ncd7 19.dxe5 Nxe5 20.Qxd5 Nxd5 21.Nxe5 Rxe5
22.Bd2 Rxe1+ 23.Rxe1 Nb6 24.Nf5 f6 25.Kf1 Kf7 26.Bc1 Rd8 27.Ne3 Bc5 28.Ke2 Na4
29.Kf3 Re8 30.Rd1 Bxe3 31.fxe3 Nb6 32.b3 Re6 33.Bb2 Rc6 34.Rd2 Ke6 35.e4 Nd7
36.Ke3 a5 37.Kf4 a4 38.Ke3 h6 39.g4 Ne5 40.Kf4 Nf7 41.Ke3 Nd6 42.h4 Nf7 43.h5 Ne5
44.Kf4 Nd7 45.Ke3 Ra6 46.Kf4 axb3 47.cxb3 c6 48.Rc2 Ne5 49.Rd2 Ra8 50.Rd1 Rg8
51.Bxe5 fxe5+ 52.Ke3 Ra8 53.Ra1 c5 54.Kd3 Kf6 55.Rf1+ Ke6 56.Ra1 Kf6 57.Rf1+ Ke6
58.Ra1 Kf6  1/2-1/2

[Event "Inventi GM"]
[Site "Antwerp BEL"]
[Date "2009.09.19"]
[Round "2"]
[White "Howell,D"]
[Black "Bacrot,E"]
[Result "0-1"]
[WhiteElo "2624"]
[BlackElo "2709"]

1.e4 e5 2.Bc4 Nf6 3.d3 c6 4.Nf3 d5 5.Bb3 Bd6 6.exd5 cxd5 7.O-O Nc6 8.Re1 Be6
9.Bg5 a6 10.Nc3 Bc7 11.Bh4 O-O 12.Bg3 d4 13.Bxe6 dxc3 14.Bb3 cxb2 15.Rb1 e4
16.Bxc7 Qxc7 17.dxe4 Rad8 18.Qe2 Rfe8 19.Ng5 Rd7 20.f3 Ne5 21.Rxb2 h6 22.Nh3 Neg4
23.fxg4 Rxe4 24.Qf2 Nxg4 25.Rxe4 Rd1+ 26.Qe1 Rxe1+ 27.Rxe1 Qb6+ 28.Kh1 Qd6
29.Bxf7+ Kf8 30.Kg1 Qd4+ 31.Kh1 Qxb2 32.Be6 Qb4 33.Rf1+ Ke7 34.Nf4 Nf2+ 35.Kg1 Qxf4
36.Bb3 Nh3+ 37.gxh3 Qg5+ 38.Kh1 b5 39.Re1+ Kd7 40.a4 bxa4 41.Bxa4+ Kc7 42.Bb3 a5
43.Re4 Qc1+ 44.Kg2 Qd2+ 45.Kg1 g5 46.Re7+ Kd8 47.Re4 h5 48.Rc4 g4 49.hxg4 h4  0-1

[Event "Inventi GM"]
[Site "Antwerp BEL"]
[Date "2009.09.21"]
[Round "4"]
[White "Timman,J"]
[Black "Bacrot,E"]
[Result "1/2-1/2"]
[WhiteElo "2588"]
[BlackElo "2709"]

1.d4 Nf6 2.c4 e6 3.Nf3 c5 4.d5 d6 5.Nc3 exd5 6.cxd5 g6 7.Nd2 Bg7 8.e4 O-O
9.Be2 Na6 10.O-O Ne8 11.Nc4 f5 12.Re1 Rb8 13.a4 Nb4 14.Bf1 fxe4 15.Nxe4 Bf5
16.Bd2 Bd4 17.Bc3 Bxe4 18.Rxe4 Bxf2+ 19.Kh1 Qg5 20.Nd2 Nf6 21.Nf3 Qh6 22.Re7 Ng4
23.Rg7+ Qxg7 24.Bxg7 Be3 25.Qb3 Nf2+ 26.Kg1 Nfd3+ 27.Kh1 c4 28.Qxc4 Nf2+
29.Kg1 Ng4+ 30.Kh1 Nf2+  1/2-1/2

[Event "Inventi GM"]
[Site "Antwerp BEL"]
[Date "2009.09.25"]
[Round "8"]
[White "Bacrot,E"]
[Black "Sutovsky,E"]
[Result "1/2-1/2"]
[WhiteElo "2709"]
[BlackElo "2676"]

1.e4 c5 2.Nf3 d6 3.d4 cxd4 4.Nxd4 Nf6 5.Nc3 a6 6.Be3 e5 7.Nb3 Be6 8.f3 Nbd7
9.Qd2 b5 10.O-O-O h5 11.Kb1 Rc8 12.Nd5 Bxd5 13.exd5 Nb6 14.Bxb6 Qxb6 15.Qb4 Be7
16.a4 Qf2 17.Qd2 Qxd2 18.Rxd2 bxa4 19.Bxa6 Rb8 20.Na5 Rb6 21.Bb7 Kd7 22.Bc6+ Kc7
23.c3 Ra6 24.Nc4 Nd7 25.Re2 Nc5 26.f4 e4 27.f5 Rb8 28.Kc2 Bf6 29.Ra1 Rxc6
30.dxc6 d5 31.Nd2 Kxc6 32.Ra3  1/2-1/2

[Event "Inventi GM"]
[Site "Antwerp BEL"]
[Date "2009.09.26"]
[Round "9"]
[White "Socko,B"]
[Black "Bacrot,E"]
[Result "1-0"]
[WhiteElo "2637"]
[BlackElo "2709"]

1.e4 e5 2.Nf3 Nc6 3.Bc4 Nf6 4.Ng5 d5 5.exd5 Na5 6.Bb5+ c6 7.dxc6 bxc6 8.Be2 h6
9.Nh3 g5 10.Nc3 Bg7 11.d3 Qb6 12.Ng1 g4 13.h3 h5 14.Ne4 Nxe4 15.dxe4 Be6
16.hxg4 Rd8 17.Bd3 Bxg4 18.f3 Be6 19.b3 Nb7 20.Qe2 Qd4 21.Rb1 Qb4+ 22.Kf2 Nc5
23.Be3 f5 24.exf5 Nxd3+ 25.cxd3 Bxf5 26.Rd1 Qc3 27.Rc1 Qb4 28.d4 e4 29.fxe4 Bxe4
30.Rxh5 Qf8+ 31.Ke1 Qb4+ 32.Kf1 O-O+ 33.Nf3 Rde8 34.Rcc5 Rf7 35.Rhg5 Ref8
36.Kg1 Bd5 37.Ne5 Rf6 38.Nd7 Rf1+ 39.Kh2 R8f5 40.Rxf5 Rxf5 41.Qg4 Rf1 42.Qg3 Kf7
43.Rc2 Bxd4 44.Rf2+ Rxf2 45.Qxf2+ Ke8 46.Bxd4 Kxd7 47.Qf5+ Ke8 48.Qe5+ Kd7
49.Qg7+ Ke8 50.Qxa7 Qd6+ 51.Kg1 Qg6 52.Qb8+ Kd7 53.Qb7+ Kd6 54.Qg7 Qb1+ 55.Kh2 Qxa2
56.b4 Ke6 57.Bc5 Kf5 58.Kh3 Qb3+ 59.Kh4  1-0

[Event "17th TCh-Eur"]
[Site "Novi Sad SRB"]
[Date "2009.10.23"]
[Round "2"]
[White "Bacrot,E"]
[Black "Jobava,Ba"]
[Result "1/2-1/2"]
[WhiteElo "2709"]
[BlackElo "2696"]

1.e4 c6 2.d4 d5 3.Nc3 dxe4 4.Nxe4 Bf5 5.Ng3 Bg6 6.h4 h6 7.Nf3 Nd7 8.h5 Bh7
9.Bd3 Bxd3 10.Qxd3 e6 11.Bf4 Ngf6 12.O-O-O Qa5 13.Kb1 Be7 14.Ne5 O-O 15.Qb3 Rfe8
16.Nc4 Qd5 17.f3 Nb6 18.Ne5 Qxb3 19.axb3 a5 20.Ne4 Nbd5 21.Bc1 Nxe4 22.fxe4 Nf6
23.Rde1 a4 24.bxa4 Rxa4 25.Nf3 c5 26.b3 Ra5 27.e5 Nd5 28.Bd2 Ra3 29.Kb2 Rea8
30.Ra1 cxd4 31.Nxd4 Rxa1 32.Rxa1 Rxa1 33.Kxa1 Bg5 34.Bxg5 hxg5 35.Kb2 Kf8
36.g3 Ke7 37.c4 Ne3 38.Kc3 Nf1 39.Ne2 Nh2 40.Nd4 Nf1 41.Ne2 Nh2  1/2-1/2

[Event "17th TCh-Eur"]
[Site "Novi Sad SRB"]
[Date "2009.10.27"]
[Round "6"]
[White "Smeets,J"]
[Black "Bacrot,E"]
[Result "1/2-1/2"]
[WhiteElo "2642"]
[BlackElo "2709"]

1.e4 e5 2.Nf3 Nc6 3.Bb5 a6 4.Ba4 Nf6 5.O-O Be7 6.Re1 b5 7.Bb3 O-O 8.c3 d5
9.exd5 Nxd5 10.Nxe5 Nxe5 11.Rxe5  1/2-1/2

[Event "17th TCh-Eur"]
[Site "Novi Sad SRB"]
[Date "2009.10.28"]
[Round "7"]
[White "Socko,B"]
[Black "Bacrot,E"]
[Result "1/2-1/2"]
[WhiteElo "2637"]
[BlackElo "2709"]

1.e4 e5 2.Nf3 Nc6 3.Bb5 a6 4.Bxc6 dxc6 5.O-O f6 6.d4 exd4 7.Nxd4 c5 8.Ne2 Qxd1
9.Rxd1 Bd7 10.Nbc3 O-O-O 11.Be3 Re8 12.Rd2 Bc6 13.Rad1 b6 14.a4 Kb7 15.Rd8 Bd6
16.Rxe8 Bxe8 17.Bf4 Kc6 18.Nd5 Bf7 19.c4 Bxd5 20.exd5+ Kd7 21.Bxd6 cxd6 22.Re1  1/2-1/2

[Event "17th TCh-Eur"]
[Site "Novi Sad SRB"]
[Date "2009.10.30"]
[Round "9"]
[White "Ivanisevic,I"]
[Black "Bacrot,E"]
[Result "1/2-1/2"]
[WhiteElo "2614"]
[BlackElo "2709"]

1.d4 Nf6 2.c4 e6 3.Nc3 Bb4 4.g3 O-O 5.Bg2 d5 6.a3 Be7 7.cxd5 exd5 8.Nh3 Bf5
9.O-O Re8 10.Nf4 c6 11.h3 h5 12.e3 Qc8 13.Kh2 g6 14.Bd2 Nbd7 15.Rc1 Qb8 16.f3 Bd6
17.Kh1 Nb6 18.e4 dxe4 19.fxe4 Nxe4 20.Nxe4 Bxe4 21.Bxe4 Rxe4 22.Nxh5 gxh5
23.Qxh5 Qe8 24.Qg5+ Kf8 25.Rf6 Re2 26.Qh6+ Kg8 27.Qg5+ Kf8 28.Qh6+ Kg8  1/2-1/2

[Event "8th Gibtelecom Masters"]
[Site "Caleta ENG"]
[Date "2010.02.02"]
[Round "8"]
[White "Bacrot,E"]
[Black "Lenderman,A"]
[Result "1-0"]
[WhiteElo "2713"]
[BlackElo "2560"]

1.d4 d5 2.c4 c6 3.Nf3 Nf6 4.Nc3 dxc4 5.a4 Bf5 6.Nh4 Bc8 7.e3 c5 8.Bxc4 e6
9.O-O Nc6 10.Nf3 cxd4 11.exd4 Be7 12.Re1 O-O 13.Bg5 h6 14.Bh4 Nh5 15.Bxe7 Nxe7
16.d5 exd5 17.Nxd5 Nxd5 18.Qxd5 Qxd5 19.Bxd5 Nf4 20.Be4 a5 21.g3 Ne6 22.Rac1 Re8
23.b3 Rb8 24.Bd5 b6 25.Ne5 Bb7 26.Bc4 Rbd8 27.Kf1 Bd5 28.Bb5 Rf8 29.Nd7 Rxd7
30.Bxd7 Nc5 31.Bb5 Bxb3 32.Re3 Be6 33.Rd1 Rb8 34.Ke1 g6 35.Rd4 Nb3 36.Rd6 Nc5
37.Kd2 Kg7 38.Kc1 h5 39.h4 Kf8 40.Kb2 Kg7 41.Ka3 Kf8 42.Re1 Kg7 43.Bc6 Kf8
44.Rb1 Ke7 45.Rd4 Na6 46.Bb5 Nc5 47.Bc6 Na6 48.Rd2 Nb4 49.Bb5 Rc8 50.Kb2 Na2
51.Re1 Nb4 52.Re3 Rc5 53.Rc3 Bd5 54.Rxc5 bxc5 55.Re2+ Kd6 56.Re8 Bf3 57.Rd8+ Ke5
58.Kc3 Nd5+ 59.Kc4 Nf6 60.Kxc5 Ne4+ 61.Kb6 Nxf2 62.Kxa5 Nh1 63.Rd3 Be4  1-0

[Event "8th Gibtelecom Masters"]
[Site "Caleta ENG"]
[Date "2010.02.03"]
[Round "9"]
[White "Gustafsson,J"]
[Black "Bacrot,E"]
[Result "1/2-1/2"]
[WhiteElo "2627"]
[BlackElo "2713"]

1.d4 d5 2.Nf3 Nf6 3.c4 c6 4.cxd5 cxd5 5.Nc3 Nc6 6.Bf4 a6 7.Rc1 Bf5 8.e3 Rc8
9.Be2 e6 10.O-O Nd7 11.Qb3 Na5 12.Qa4 Nc6 13.Qb3 Na5 14.Qa4 Nc6 15.Qb3  1/2-1/2

[Event "4th ACP World Rapid Cup"]
[Site "Odessa UKR"]
[Date "2010.05.27"]
[Round "1.5"]
[White "Shirov,A"]
[Black "Bacrot,E"]
[Result "1-0"]
[WhiteElo "2742"]
[BlackElo "2710"]

1.e4 e5 2.Nf3 Nf6 3.Nc3 Nc6 4.Bb5 Nd4 5.d3 c6 6.Ba4 Bc5 7.Bg5 O-O 8.O-O d6
9.Nxd4 Bxd4 10.Ne2 Bb6 11.Kh1 h6 12.Bh4 g5 13.Bg3 Nh5 14.d4 Nf4 15.c3 Qf6
16.f3 Be6 17.Bb3 Rad8 18.Bxf4 gxf4 19.g3 fxg3 20.Nxg3 exd4 21.f4 dxc3 22.bxc3 Kh8
23.Bxe6 fxe6 24.f5 Rg8 25.Qh5 e5 26.Qh3 Rg5 27.Nh5 Qf7 28.Nf4 Qf6 29.Ne6 Rdg8
30.Nxg5 Rxg5 31.Rf3 d5 32.Rg3 dxe4 33.Rf1 e3 34.Rxg5 Qxg5 35.Qf3 Kg7 36.f6+ Kf7
37.Qd1 e2 38.Qxe2 Qh4 39.Qg2 Qg5 40.Qe4 Be3 41.Qh7+ Ke6 42.Qe7+ Kd5 43.Qd7+ Kc4
44.f7 Bc5 45.Qe6+ Kxc3 46.Qb3+ Kd2 47.Rd1+ Ke2 48.Qd3+  1-0

[Event "85th ch-FRA"]
[Site "Belfort FRA"]
[Date "2010.08.09"]
[Round "1"]
[White "Dorfman,I"]
[Black "Bacrot,E"]
[Result "1/2-1/2"]
[WhiteElo "2583"]
[BlackElo "2720"]

1.Nf3 Nf6 2.c4 e6 3.g3 d5 4.Bg2 dxc4 5.Qa4+ Nbd7 6.Qxc4 Rb8 7.Qc2 a6 8.O-O b5
9.Nd4 Ne5 10.Nb3 Bb7 11.Bxb7 Rxb7 12.d4 Ned7 13.Bg5 Bd6 14.Bxf6 gxf6 15.N1d2 O-O
16.Ne4 f5 17.Nbc5 Bxc5 18.Nxc5 Rb6 19.Nd3 Nf6 20.Rac1 Qxd4 21.Qxc7  1/2-1/2

[Event "85th ch-FRA"]
[Site "Belfort FRA"]
[Date "2010.08.10"]
[Round "2"]
[White "Bricard,E"]
[Black "Bacrot,E"]
[Result "1/2-1/2"]
[WhiteElo "2478"]
[BlackElo "2720"]

1.Nf3 c5 2.b3 d6 3.c4 e5 4.d3 Nc6 5.Bb2 g6 6.g3 Bg7 7.Bg2 f5 8.O-O Nf6 9.Nc3 O-O
10.a3 a5 11.e3 Kh8 12.Nd2 g5 13.Nd5 Nxd5 14.cxd5 Ne7 15.b4 b6 16.bxc5 bxc5
17.Nc4 Ba6 18.e4 fxe4 19.Bxe4 Ng8 20.Bc1 h6 21.Rb1 Nf6 22.Bg2 e4 23.Bb2 exd3
24.Qxd3 Ra7 25.Bh3 Rb7 26.Bxf6 Rxf6 27.Rxb7 Bxb7 28.Ne3 Bc8 29.Bxc8 Qxc8
30.Rb1 Rf8 31.Rb6 Qc7 32.Rc6 Qf7 33.Qe2 Qe7 34.Qg4 Qf7 35.Qe2 Qe7 36.Qg4  1/2-1/2